000 00981nam a2200265Ia 4500
003 OSt
005 20220923224314.0
006 a|||||r|||| 00| 0
007 ta
008 220922b |||||||| |||| 00| 0 hin d
024 _a230,869
037 _cTextual
040 _aARTS
_cARTS
_bhin
041 _2hin
_ahin
082 _aO152,1M83:g, N0
100 _aचतुर्वेदी, नरेश चन्द्र
_9163685
245 0 _aगया प्रसाद शुक्ल 'स्नेही'
246 _aGayā prasād shukla 'snehī'
260 _aनई दिल्ली
_b साहित्य अकादमी
_c1990
300 _a87पृ.
_ccm.
490 _aभारतीय साहित्य के निर्माता
650 _aहिन्दी साहित्य
_9156264
942 _hO152,1M83:g, N0
_cTEXL
_2CC
999 _c370528
_d370528